[Event "India rating op"]
[Site "India"]
[Date "2019.02.03"]
[Round "3"]
[White "Borse, Pankaj"]
[Black "Akshat, Khamparia"]
[Result "0-1"]
[WhiteElo "1589"]
[BlackElo "2263"]
[PlyCount "80"]
[EventDate "2019.02.03"]
[EventType "swiss"]
[EventRounds "11"]
[EventCountry "IND"]
[SourceTitle "EXT 2021"]
[Source "ChessBase"]
[SourceDate "2020.10.23"]
[SourceVersion "1"]
[SourceVersionDate "2020.10.23"]
[SourceQuality "1"]

1. d4 Nf6 2. c4 Nc6 3. Nf3 e6 4. Nc3 Bb4 5. a3 Bxc3+ 6. bxc3 d6 7. e3 0-0 8. Bd3 e5 9. dxe5 dxe5 10. e4 h6 11. Qc2 Be6 12. 0-0 Na5 13. Rd1 Nd7 14. c5 Nb3 15. Rb1 Nbxc5 16. Bf1 Qe7 17. a4 Bg4 18. Be2 b6 19. Be3 Nf6 20. Bxc5 Qxc5 21. Rb5 Qc6 22. Nxe5 Qe6 23. Bxg4 Nxg4 24. Nxg4 Qxg4 25. f3 Qe6 26. Rbd5 Rae8 27. c4 f5 28. R5d4 c5 29. Rd6 Qe5 30. Qd2 fxe4 31. Rd5 Qf6 32. fxe4 Rxe4 33. Rd6 Qe5 34. h3 Re2 35. Qd5+ Qxd5 36. R6xd5 Rff2 37. Rd8+ Kh7 38. R1d7 Rxg2+ 39. Kf1 Ref2+ 40. Ke1 Ra2 0-1